| 000 | 00626nam a2200193 i 4500 | ||
|---|---|---|---|
| 001 | 19552 | ||
| 003 | ES-MaACL | ||
| 005 | 20250901081548.0 | ||
| 007 | t| | ||
| 008 | 021003s1928 sp ||||1| spa d | ||
| 100 | 0 |
_aAbbad, Manuel, _917992 |
|
| 245 | 1 | 0 |
_aTratado práctico de química analítica / _cpor Manuel Abbad ; prólogo de José Rodríguez Mourelo. |
| 260 |
_aMadrid : _bRubiños, _c1928 ( _fImp. Radio) |
||
| 300 |
_a2 v. ; _c22 cm. |
||
| 650 | 0 | 7 |
_aQuímica analítica _2embne _916630 |
| 700 | 1 |
_aRodríguez Mourelo, José, _d1859-1932 _998691 |
|
| 852 |
_aES-MaACL _jA-1965-66 |
||
| 999 |
_c19552 _d19552 |
||